<?xml version="1.0" encoding="UTF-8"?>
<record
    xmlns:xsi="http://www.w3.org/2001/XMLSchema-instance"
    xsi:schemaLocation="http://www.loc.gov/MARC21/slim http://www.loc.gov/standards/marcxml/schema/MARC21slim.xsd"
    xmlns="http://www.loc.gov/MARC21/slim">

  <leader>00498    a2200121   4500</leader>
  <controlfield tag="001">ART_55164</controlfield>
  <controlfield tag="005">20260410161823.0</controlfield>
  <controlfield tag="008">260409a                                 </controlfield>
  <datafield tag="245" ind1="1" ind2="0">
    <subfield code="a">Se ten&#xED;a que decir y se dijo. Comentario al fallo de la CSJN, "Vidal, Mat&#xED;as Fernando Crist&#xF3;bal y otros s/infracci&#xF3;n ley 24769"</subfield>
  </datafield>
  <datafield tag="100" ind1="1" ind2=" ">
    <subfield code="a">Semachowicz, Esteban D.</subfield>
  </datafield>
  <datafield tag="700" ind1="1" ind2=" ">
    <subfield code="a">Tr&#xED;dico, Sof&#xED;a del Valle</subfield>
  </datafield>
  <datafield tag="773" ind1="0" ind2=" ">
    <subfield code="t">Doctrina Penal Tributaria y Econ&#xF3;mica</subfield>
    <subfield code="g">Suplemento especial - N&#xBA; 62/1 (dic. 2021)</subfield>
    <subfield code="w">REV4317</subfield>
  </datafield>
  <datafield tag="999" ind1=" " ind2=" ">
    <subfield code="c">22494</subfield>
    <subfield code="d">22494</subfield>
  </datafield>
</record>
